Evaluación inicial de riesgos, plan de acción y mapa en la empresa Rectificaciones El Progreso, S.A, ubicada en el barrio Campo Bruce en l a ciudad de Managua
En el presente trabajo se desarrollará una evaluación inicial de riesgos laborales, plan de acción y mapa, estudio que permitirá identificar y evaluar de manera general los riesgos y peligros a los que están expuestos los trabajadores por medio del Acuerdo Ministerial JCHG-000-08-09, el cual e...
| Main Authors: | , |
|---|---|
| Other Authors: | |
| Format: | Tesis Section = Libro |
| Language: | Undetermined Spanish |
| Published: |
Managua
UNI
2020
|
| Subjects: |
| LEADER | 01404nam a2200277Ia 4500 | ||
|---|---|---|---|
| 008 | 240830s9999 xx 000 0 und d | ||
| 040 | |a BIBLIOTECA-RUPAP Mon 363.11 T568 | ||
| 041 | |a spa | ||
| 082 | |a Mon 363.11 T568 | ||
| 100 | 1 | |a Tijerino Hurtado, Sergio Antonio | |
| 100 | 1 | |b Sarria Cuadra, Laura del Carmen | |
| 245 | 1 | 0 | |a Evaluación inicial de riesgos, plan de acción y mapa en la empresa Rectificaciones El Progreso, S.A, ubicada en el barrio Campo Bruce en l a ciudad de Managua |
| 260 | |a Managua |b UNI |c 2020 | ||
| 300 | |a 179 p. :il. | ||
| 500 | |a Contiene: anexos y CD. | ||
| 502 | |a Tesis (Ingeniero Industrial)- UNI, 2020. | ||
| 520 | 3 | |a En el presente trabajo se desarrollará una evaluación inicial de riesgos laborales, plan de acción y mapa, estudio que permitirá identificar y evaluar de manera general los riesgos y peligros a los que están expuestos los trabajadores por medio del Acuerdo Ministerial JCHG-000-08-09, el cual es un procedimiento metodológico, para posteriormente proponer medidas preventivas que contribuyan a disminuir los riesgos laborales. | |
| 650 | 7 | |a RIESGOS OCUPACIONALES | |
| 650 | 7 | |b RIESGOS INDUSTRIALES | |
| 650 | 7 | |c ACCIDENTES DE TRABAJOS-PREVENCION | |
| 650 | 7 | |d ENFERMEDADES PROFESIONALES | |
| 650 | 7 | |e SEGURIDAD INDUSTRIAL | |
| 700 | 1 | |a Tutor: |b Blanco Cordero, José Francisco | |
| 942 | |c BK |2 ddc | ||
| 991 | |a TESIS | ||
| 999 | |c 15505 | ||